Dangers of co-deployment : (Record no. 1752)
[ view plain ]
| 000 -LEADER | |
|---|---|
| fixed length control field | 01573cam a2200289 a 4500 |
| 001 - CONTROL NUMBER | |
| control field | 13624505 |
| 003 - CONTROL NUMBER IDENTIFIER | |
| control field | OSt |
| 005 - DATE AND TIME OF LATEST TRANSACTION | |
| control field | 20240628113204.0 |
| 008 - FIXED-LENGTH DATA ELEMENTS--GENERAL INFORMATION | |
| fixed length control field | 040615s2005 enk b 001 0 eng |
| 010 ## - LIBRARY OF CONGRESS CONTROL NUMBER | |
| LC control number | 2004014024 |
| 020 ## - INTERNATIONAL STANDARD BOOK NUMBER | |
| International Standard Book Number | 0754640272 (alk. paper) |
| 040 ## - CATALOGING SOURCE | |
| Original cataloging agency | DLC |
| Transcribing agency | DLC |
| Modifying agency | DLC |
| 043 ## - GEOGRAPHIC AREA CODE | |
| Geographic area code | fb----- |
| 050 00 - LIBRARY OF CONGRESS CALL NUMBER | |
| Classification number | DT352.8 |
| Item number | .D35 2005 |
| 082 00 - DEWEY DECIMAL CLASSIFICATION NUMBER | |
| Classification number | 327.17 |
| Edition number | 22 |
| Item number | DAN 2005 |
| 100 ## - MAIN ENTRY--PERSONAL NAME | |
| Personal name | David J. Francis; [et....al] |
| 9 (RLIN) | 9640 |
| 245 00 - TITLE STATEMENT | |
| Title | Dangers of co-deployment : |
| Remainder of title | UN co-operative peacekeeping in Africa / |
| Statement of responsibility, etc. | David J. Francis...[etal] |
| 260 ## - PUBLICATION, DISTRIBUTION, ETC. (IMPRINT) | |
| Place of publication, distribution, etc. | Burlington; |
| Name of publisher, distributor, etc. | Ashgate, |
| Date of publication, distribution, etc. | 2005. |
| 300 ## - PHYSICAL DESCRIPTION | |
| Extent | xv, 175 p; ill: |
| Dimensions | 24 cm. |
| 500 ## - GENERAL NOTE | |
| General note | Conceptualising peacekeeping -- UN peacekeeping operations : overview of case studies and relevance to evolving concepts and practice -- Conceptualising co-deployment -- International experiment with co-deployment -- Wars and armed conflicts in Africa : challenges to peacekeeping and humanitarian intervention in complex political emergencies -- UN peacekeeping in Africa : an overview -- OAU peacekeeping operations in Africa -- Alternative peacekeeping strategies prescribed for Africa -- UN and ECOMOG co-deployment in Liberia -- UN-ECOWAS-ECOMOG co-deployment in Sierra Leone. |
| 504 ## - BIBLIOGRAPHY, ETC. NOTE | |
| Bibliography, etc | Includes bibliographical references (p. [157]-168) and index. |
| 650 #0 - SUBJECT ADDED ENTRY--TOPICAL TERM | |
| Topical term or geographic name as entry element | Peacekeeping forces |
| Geographic subdivision | Africa, Sub-Saharan. |
| 9 (RLIN) | 4617 |
| 650 #0 - SUBJECT ADDED ENTRY--TOPICAL TERM | |
| Topical term or geographic name as entry element | Political conflicts |
| 9 (RLIN) | 9641 |
| 856 41 - ELECTRONIC LOCATION AND ACCESS | |
| Materials specified | Table of contents |
| Uniform Resource Identifier | http://www.loc.gov/catdir/toc/ecip0419/2004014024.html |
| 906 ## - LOCAL DATA ELEMENT F, LDF (RLIN) | |
| a | 7 |
| b | cbc |
| c | orignew |
| d | 1 |
| e | ecip |
| f | 20 |
| g | y-gencatlg |
| 942 ## - ADDED ENTRY ELEMENTS (KOHA) | |
| Source of classification or shelving scheme | Dewey Decimal Classification |
| Koha item type | Short Loan |
| Withdrawn status | Lost status | Source of classification or shelving scheme | Damaged status | Not for loan | Home library | Current library | Date acquired | Inventory number | Total Checkouts | Full call number | Barcode | Date last seen | Price effective from | Koha item type | Source of acquisition |
|---|---|---|---|---|---|---|---|---|---|---|---|---|---|---|---|
| Dewey Decimal Classification | MUST Main Library | MUST Main Library | 12/05/2015 | 2006/27907 | 327.17 DAN 2005 | 2015-1406 | 12/05/2015 | 12/05/2015 | Short Loan | ||||||
| Dewey Decimal Classification | MUST Main Library | MUST Main Library | 12/05/2015 | 2006/27908 | 327.17 DAN 2005 | 2015-1407 | 12/05/2015 | 12/05/2015 | Short Loan | ||||||
| Dewey Decimal Classification | MUST Main Library | MUST Main Library | 28/06/2024 | 2006/27906 | 327.17 DAN 2005 | 2024-21605 | 28/06/2024 | 28/06/2024 | Open Shelf | Donation |
